000 00829nam a22002777a 4500
001 BR7800892
003 BR-BrBNA
005 20230928085529.0
007 ta
008 230509b bl.||||| |||| 00| 0 por d
040 _aBR-BrBNA
_bpor
_cBiblioteca Nacional de Agricultura
041 _a(Por)
072 _aD50; C00
_b/G514
090 _ D50 BR7800892
110 1 _aEmpresa de Assistencia Tecnica e Extensao Rural do Estado de Mato Grosso, Cuiaba (Brasil)
_94017
245 1 _aRegulamento geral [assistencia tecnica, extensao rural, estatuto, Mato Grosso, Brasil]
260 3 _aCuiaba, MT (Brasil):
_c1977.
300 _a36 p.
650 _aEXTENSAO RURAL
650 _aLEGISLACAO
650 _aESTATUTO
650 _aEMPRESA RURAL
650 _aMATO GROSSO
909 _a202309
_bLucia
_c55
_dLucia Elande
942 _cBK
999 _c24937
_d24937